00000000nas##2200000za#4500
0019.507050
003CaOODSP
00520200331213221
007cr |||||||||||
008150406c2000||||xxc|| p o||||f|   |0eng|d
022 |a1497-0163
040 |aCaOODSP|beng
043 |an-cn---
0861 |aF1-42/1E-pdf
1101 |aCanada. |bDepartment of Finance.
24510|aEconomic statement and budget update. Overview |h[electronic resource]
260 |aOttawa - Ontario : |bFinance Canada |c2000.
310 |aAnnual
3621 |aOctober 18, 2000
69007|aEconomic forecasting|2gcpds
77508|tÉnoncé économique et mise à jour budgétaire. Aperçu |w(CaOODSP)9.503442